Հայկաշեն : (Record no. 217070)
[ view plain ]
| 000 -LEADER | |
|---|---|
| fixed length control field | 00754nas a2200241 a 4500 |
| 001 - CONTROL NUMBER | |
| control field | 000626897 |
| 003 - CONTROL NUMBER IDENTIFIER | |
| control field | AM-YeHGA |
| 005 - DATE AND TIME OF LATEST TRANSACTION | |
| control field | 20250618073212.0 |
| 008 - FIXED-LENGTH DATA ELEMENTS--GENERAL INFORMATION | |
| fixed length control field | 090123c19179999gs |r|p 0 0arm d |
| 040 ## - CATALOGING SOURCE | |
| Original cataloging agency | AM-YeHGA |
| 041 0# - LANGUAGE CODE | |
| Language code of text/sound track or separate title | arm |
| 090 ## - LOCALLY ASSIGNED LC-TYPE CALL NUMBER (OCLC); LOCAL CALL NUMBER (RLIN) | |
| -- | 218595 |
| 222 #0 - KEY TITLE | |
| Key title | Հայկաշեն |
| 245 00 - TITLE STATEMENT | |
| Title | Հայկաշեն : |
| Remainder of title | Ամսաթերթ ազգային, գրական, քաղաքական. |
| 260 ## - PUBLICATION, DISTRIBUTION, ETC. | |
| Place of publication, distribution, etc. | Թիֆլիզ : |
| Name of publisher, distributor, etc. | Կովկասի կենտր. վարչ., |
| Date of publication, distribution, etc. | 1917-. |
| 300 ## - PHYSICAL DESCRIPTION | |
| Extent | համար. |
| 310 ## - CURRENT PUBLICATION FREQUENCY | |
| Current publication frequency | Ամսեկան |
| 362 0# - DATES OF PUBLICATION AND/OR SEQUENTIAL DESIGNATION | |
| Dates of publication and/or sequential designation | 1917- |
| 650 04 - SUBJECT ADDED ENTRY--TOPICAL TERM | |
| Topical term or geographic name entry element | Ամսագիր |
| 650 14 - SUBJECT ADDED ENTRY--TOPICAL TERM | |
| Topical term or geographic name entry element | Գրականություն |
| Form subdivision | Պարբերականներ |
| 9 (RLIN) | 8507 |
| 650 14 - SUBJECT ADDED ENTRY--TOPICAL TERM | |
| Topical term or geographic name entry element | Քաղաքականություն |
| Form subdivision | Պարբերականներ |
| 942 ## - ADDED ENTRY ELEMENTS (KOHA) | |
| Source of classification or shelving scheme | Universal Decimal Classification |
| Koha item type | Շարունակական պաշար / Continuing Resource |
| Withdrawn status | Lost status | Source of classification or shelving scheme | Damaged status | Not for loan | Collection | Home library | Current library | Date acquired | Serial enumeration / chronology | Total checkouts | Full call number | Barcode | Date last seen | Price effective from | Koha item type | Public note |
|---|---|---|---|---|---|---|---|---|---|---|---|---|---|---|---|---|
| Universal Decimal Classification | Levonyan Individual Collection | Fundamental Scientific Library | Fundamental Scientific Library | 29/12/2016 | 1917, № 1-2 | Լեվ/2098 | FL0414677 | 29/12/2016 | 29/12/2016 | Շարունակական պաշար / Continuing Resource | ILL Non-Circ. | |||||
| Universal Decimal Classification | Levonyan Individual Collection | Fundamental Scientific Library | Fundamental Scientific Library | 29/12/2016 | 1918, №3 | Լեվ/2099 | FL0414678 | 29/12/2016 | 29/12/2016 | Շարունակական պաշար / Continuing Resource | ILL Non-Circ. | |||||
| General | Fundamental Scientific Library | Fundamental Scientific Library | 29/12/2016 | 1917, № 1-2 | АЖ 244 | 627546-10 | 29/12/2016 | 29/12/2016 | Շարունակական պաշար / Continuing Resource | 30 Days Loan | ||||||
| General | Fundamental Scientific Library | Fundamental Scientific Library | 29/12/2016 | 1918, № 3 | АЖ 244 | 627546-20 | 29/12/2016 | 29/12/2016 | Շարունակական պաշար / Continuing Resource | 30 Days Loan | ||||||
| Universal Decimal Classification | Levonyan Individual Collection | Fundamental Scientific Library | Fundamental Scientific Library | 29/12/2016 | 1917, № 1-2 | Lev/2098 | 627546-30 | 29/12/2016 | 29/12/2016 | Շարունակական պաշար / Continuing Resource | ILL Non-Circ. | |||||
| Universal Decimal Classification | Levonyan Individual Collection | Fundamental Scientific Library | Fundamental Scientific Library | 29/12/2016 | 1918, № 3 | Lev/2099 | 627546-40 | 29/12/2016 | 29/12/2016 | Շարունակական պաշար / Continuing Resource | ILL Non-Circ. |
ՀՀ Գիտությունների ազգային ակադեմիայի հիմնարար գիտական գրադարան = Fundamental Scientific Library of NAS RA
All site content, except where otherwise noted, is licensed under a